History Quiz

Random History Quiz

It Happened in 1800 Quiz Stats

 Plays Quiz not verified by Sporcle

Challenge
Share
Tweet
Embed
Score 0/8 Timer 04:00
0 Plays Today
Hint Answer % Correct
The Acts of Union are passed, uniting the Kingdom of Great Britain with this nation.Kingdom of Ireland
96.8%
This US President becomes the first to live in the White House.John Adams
96.8%
This French leader was named First Consul by an overwhelming vote.Napoleon Bonaparte
96.8%
The German composer's Symphony No. 1 in C major makes its debut in Vienna.Ludwig van Beethoven
83.9%
This national library of the United States is founded.Library of Congress
83.9%
This Italian scientist describes his invention of the first chemical battery in a letter to the Royal Society in London.Alessandro Volta
71%
This 13th President of the United States is born in Summerhill, NY.Millard Fillmore
71%
This abolitionist, responsible for the Pottawatomie massacre, was born in Torrington, CT.John Brown
71%

You're not logged in!

Compare scores with friends on all Sporcle quizzes.
Join for Free
OR
Log In

You Might Also Like...

Show Comments

Extras

Created Jan 12, 2016ReportNominate
Tags:1800, date

Top Quizzes Today


Score Distribution

Your Account Isn't Verified!

In order to create a playlist on Sporcle, you need to verify the email address you used during registration. Go to your Sporcle Settings to finish the process.

Report this User

Report this user for behavior that violates our Community Guidelines.

Details: